000 00925nam a2200253 a 4500
001 BRCA_383
005 20190320203002.0
008 100905s1990----uk-a---f#c---#001-0#eng-#
020 _a0856673854
050 4 _aNK4085
_b.G75 1990
100 1 _aGrigsby, Leslie B.
_91285
245 1 0 _aEnglish Pottery
_bStoneware and Earthenware, 1650-1800 : the Henry H. Weldon collection
_ctext by Leslie B. Grigsby ; colour photography by Gavin Ashworth.
260 _aLondres
_bSotheby´s Publications
_c1990
300 _a488 p.
_bil.
_c33 cm.
500 _aDonación Consejo Británico
504 _aBibliografía: p. 476-482
600 1 4 _aWeldon, Henry H.
_vCatálogos
_xColecciones de arte
_91286
650 1 4 _aCerámica inglesa
_vCatálogos
_91287
650 1 4 _aCerámica
_vCatálogos
_xColecciones privadas
_zInglaterra
_91288
700 1 _aWeldon, Henry H
_91289
700 1 _aAshworth, Gavin
_91290
902 _aDCB
942 _2lcc
_cB
999 _c319
_d319